[Event "EU-Cup 25th"]
[Site "Ohrid"]
[Date "2009.10.09"]
[Round "6.4"]
[White "Mueller, Leonhard"]
[Black "Simeonov, Stefan"]
[Result "1/2-1/2"]
[WhiteElo "2208"]
[BlackElo "2377"]
[PlyCount "76"]
[EventDate "2009.10.04"]
[EventType "team-swiss"]
[EventRounds "7"]
[EventCountry "MKD"]
[SourceTitle "CBM 133"]
[Source "ChessBase"]
[SourceDate "2009.11.19"]
[SourceVersion "1"]
[SourceVersionDate "2009.11.19"]
[SourceQuality "1"]
[WhiteTeam "Niederrohrdorf"]
[BlackTeam "Kochani"]
[WhiteTeamCountry "SUI"]
[BlackTeamCountry "MKD"]

1. d4 Nf6 2. c4 e6 3. Nc3 c5 4. d5 exd5 5. cxd5 d6 6. e4 g6 7. f4 Bg7 8. Bb5+ Nbd7 9. e5 dxe5 10. fxe5 Nh5 11. e6 Qh4+ 12. Kd2 fxe6 13. dxe6 0-0 14. exd7 Bxd7 15. Bxd7 Rad8 16. Kc2 Rf2+ 17. Kb1 Bxc3 18. Qd5+ Kg7 19. bxc3 Nf6 20. Bg5 Rf1+ 21. Kb2 Qf2+ 22. Qd2 Rxd7 23. Bxf6+ Kxf6 24. Qxf2+ Rxf2+ 25. Kb3 Rxg2 26. Nf3 b5 27. Rhf1 Kg7 28. a4 a6 29. axb5 axb5 30. h4 Kh6 31. Ra5 c4+ 32. Kb4 Rb2+ 33. Kc5 Rf7 34. Kd4 Rb3 35. Ke4 Kh5 36. Rc1 Re7+ 37. Kf4 Rf7+ 38. Ke4 Re7+ 1/2-1/2

[Event "EU-Cup 25th"]
[Site "Ohrid"]
[Date "2009.10.07"]
[Round "4.4"]
[White "Braun, Christian1111"]
[Black "Simeonov, Stefan"]
[Result "1/2-1/2"]
[WhiteElo "2342"]
[BlackElo "2377"]
[PlyCount "33"]
[EventDate "2009.10.04"]
[EventType "team-swiss"]
[EventRounds "7"]
[EventCountry "MKD"]
[SourceTitle "CBM 133"]
[Source "ChessBase"]
[SourceDate "2009.11.19"]
[SourceVersion "1"]
[SourceVersionDate "2009.11.19"]
[SourceQuality "1"]
[WhiteTeam "Eynatten"]
[BlackTeam "Kochani"]
[WhiteTeamCountry "BEL"]
[BlackTeamCountry "MKD"]

1. e4 c5 2. Nf3 a6 3. d4 cxd4 4. Nxd4 Nf6 5. Nc3 e5 6. Nf3 Bb4 7. Bd2 0-0 8. Bc4 Bxc3 9. Bxc3 Nc6 10. Nxe5 Nxe5 11. Bxe5 Re8 12. Bxf6 Rxe4+ 13. Be2 Qxf6 14. 0-0 d5 15. c3 Be6 16. Bd3 Rh4 17. g3 1/2-1/2

[Event "EU-Cup 25th"]
[Site "Ohrid"]
[Date "2009.10.04"]
[Round "1.4"]
[White "Mamedov, Rauf"]
[Black "Simeonov, Stefan"]
[Result "1-0"]
[WhiteElo "2626"]
[BlackElo "2377"]
[PlyCount "119"]
[EventDate "2009.10.04"]
[EventType "team-swiss"]
[EventRounds "7"]
[EventCountry "MKD"]
[SourceTitle "CBM 133"]
[Source "ChessBase"]
[SourceDate "2009.11.19"]
[SourceVersion "1"]
[SourceVersionDate "2009.11.19"]
[SourceQuality "1"]
[WhiteTeam "Skopje Alkaloid"]
[BlackTeam "Kochani"]
[WhiteTeamCountry "MKD"]
[BlackTeamCountry "MKD"]

1. e4 c5 2. c3 d6 3. d4 Nf6 4. Bd3 Nc6 5. Nf3 Bg4 6. d5 Ne5 7. Nxe5 dxe5 8. Qb3 Bc8 9. 0-0 g6 10. f4 exf4 11. Bxf4 Bg7 12. Bb5+ Nd7 13. Nd2 0-0 14. Nf3 Nf6 15. Bd3 Nh5 16. Be3 Qc7 17. Kh1 Bd7 18. a4 Rac8 19. Bc4 h6 20. Qc2 Kh7 21. Be2 e5 22. Rad1 Nf4 23. Bb5 Rcd8 24. d6 Qb6 25. Bxd7 Rxd7 26. b4 Qc6 27. b5 Qc8 28. Nxe5 Bxe5 29. Bxf4 Bxf4 30. Rxf4 Qe8 31. Rd5 Qe6 32. Qd2 g5 33. Rf1 Qxe4 34. Rxc5 Qg6 35. Rd5 Re8 36. c4 b6 37. h3 Re4 38. Qd3 Kh8 39. Qc3+ Kh7 40. Rf6 Rxc4 41. Rxf7+ Qxf7 42. Qxc4 Qe6 43. Kh2 Kh8 44. Qd3 Kg8 45. Qd4 Kh7 46. Qd1 Kg7 47. Kh1 Kh7 48. Qc2+ Kg7 49. Rd1 Kg8 50. Qc8+ Kg7 51. Qc3+ Kg8 52. Qd4 Kh7 53. Kh2 Kg6 54. Qd5 Qe8 55. Rf1 Qd8 56. Qe6+ Kg7 57. Rd1 Kh7 58. Rc1 Rxd6 59. Qf7+ Kh8 60. Re1 1-0